[Event "Sparkassen-Open B"]
[Site "Heusenstamm, Martinsee"]
[Date "2022.11.19"]
[Round "5.52"]
[White "Wöhl, Torsten"]
[Black "Scheerer, Amelie"]
[Result "0-1"]
[WhiteElo "1515"]
[BlackElo "1158"]
[PlyCount "82"]
[EventDate "2022.??.??"]
[WhiteTeam "SC Groß-Zimmern"]
[BlackTeam "SV 1934 Ffm-Griesheim"]

1. d4 d5 2. Nc3 Nf6 3. Bf4 Bf5 4. Nb5 Na6 5. e3 e6 6. a3 c5 7. Nf3 c4 8. Nc3
Be7 9. Nh4 Bg4 10. Be2 Bxe2 11. Qxe2 O-O 12. Be5 Qb6 13. O-O Qxb2 14. Na2 Qb6
15. Rfb1 Qc6 16. Nc3 Ne4 17. Nxe4 dxe4 18. Qg4 f6 19. Bg3 f5 20. Ng6 hxg6 21.
Qxg6 Bf6 22. Qh5 Nc7 23. a4 Nd5 24. Rb5 b6 25. Be5 Qe8 26. g4 Qxh5 27. gxh5
Bxe5 28. dxe5 Rfd8 29. Kg2 a6 30. Rb2 b5 31. axb5 axb5 32. Rxa8 Rxa8 33. Rxb5
Ra2 34. Rb8+ Kh7 35. Kg3 Rxc2 36. Re8 Rd2 37. Rxe6 c3 38. Rc6 c2 39. e6 g6 40.
hxg6+ Kxg6 41. e7+ Kf7 0-1

[Event "Sparkassen-Open B"]
[Site "Heusenstamm, Martinsee"]
[Date "2022.11.19"]
[Round "5.53"]
[White "Laux, Filip"]
[Black "Moissl, Felix"]
[Result "1-0"]
[WhiteElo "1446"]
[BlackElo "1129"]
[PlyCount "33"]
[EventDate "2022.??.??"]
[WhiteTeam "VSG 1880 Offenbach"]
[BlackTeam "SJ Herborn 1998"]

1. e4 e5 2. Nf3 Nc6 3. Bc4 Nf6 4. d3 Be7 5. c3 O-O 6. O-O d6 7. Nbd2 Be6 8. Bb3
Qd7 9. Re1 Rad8 10. Nf1 Rfe8 11. Ng3 d5 12. exd5 Bxd5 13. Nxe5 Nxe5 14. Rxe5
Bd6 15. Rxe8+ Rxe8 16. Be3 Qc6 17. c4 1-0

[Event "Sparkassen-Open B"]
[Site "Heusenstamm, Martinsee"]
[Date "2022.11.19"]
[Round "5.54"]
[White "Bergner, Matthias"]
[Black "Wiencken, Marcus"]
[Result "1/2-1/2"]
[WhiteElo "1574"]
[BlackElo "1233"]
[PlyCount "73"]
[EventDate "2022.??.??"]
[WhiteTeam "SV 1926 Neu-Isenburg"]
[BlackTeam "Schachforum Darmstadt 1994"]

1. d4 d5 2. e3 Nf6 3. Nf3 e6 4. g3 Bd6 5. Bg2 O-O 6. O-O b6 7. b3 Nbd7 8. Nbd2
Rb8 9. Bb2 c5 10. dxc5 bxc5 11. c4 Bb7 12. cxd5 Bxd5 13. Nh4 Ne5 14. Bxd5 exd5
15. Bxe5 Bxe5 16. Rc1 Bd6 17. Qf3 d4 18. exd4 cxd4 19. Nc4 Bc7 20. Rfd1 Re8 21.
Qd3 Re4 22. f3 Re6 23. Kf1 Qe8 24. Rc2 g6 25. Re2 Rd8 26. Ng2 Qf8 27. Nf4 Bxf4
28. gxf4 Nh5 29. Re4 Qh6 30. Rxd4 Rde8 31. Rd8 Nxf4 32. Rxe8+ Rxe8 33. Qd2 Re2
34. Qd8+ Kg7 35. Qd4+ Kf8 36. Qd8+ Kg7 37. Qd4+ 1/2-1/2

[Event "Sparkassen-Open B"]
[Site "Heusenstamm, Martinsee"]
[Date "2022.11.19"]
[Round "5.55"]
[White "Grebe, Sabrina"]
[Black "Bär, Christian"]
[Result "1/2-1/2"]
[WhiteElo "1182"]
[BlackElo "1525"]
[PlyCount "30"]
[EventDate "2022.??.??"]
[WhiteTeam "SC Heusenstamm"]
[BlackTeam "SC Steinbach"]

1. e4 e5 2. Nf3 Nc6 3. Bc4 g6 4. c3 Bg7 5. d4 exd4 6. cxd4 Nge7 7. Nc3 O-O 8.
Bf4 d6 9. h3 h6 10. O-O Kh7 11. d5 Ne5 12. Bb3 Nxf3+ 13. Qxf3 f5 14. Rfe1 g5
15. Bd2 Ng6 1/2-1/2

[Event "Sparkassen-Open B"]
[Site "Heusenstamm, Martinsee"]
[Date "2022.11.19"]
[Round "5.56"]
[White "Vorsilka, Jiri"]
[Black "Gärtner, David"]
[Result "1-0"]
[WhiteElo "1492"]
[BlackElo "1116"]
[PlyCount "95"]
[EventDate "2022.??.??"]
[WhiteTeam "vereinslos"]
[BlackTeam "Sfr.Mainz 1928"]

1. d4 d5 2. Nc3 Nf6 3. Bf4 c5 4. e3 e6 5. Nb5 Na6 6. c3 Be7 7. Nf3 O-O 8. Be2
Ne8 9. O-O Nac7 10. Nxc7 Nxc7 11. Bd3 Ne8 12. Ne5 Nf6 13. Qf3 Nd7 14. Qh3 g6
15. Bh6 Re8 16. Bb5 a6 17. Bxd7 Bxd7 18. Qf3 f6 19. Nxd7 Qxd7 20. dxc5 Rac8 21.
b4 g5 22. h4 Bd8 23. hxg5 fxg5 24. Qg3 Qe7 25. f4 Kh8 26. fxg5 Rg8 27. Qf3 Rc7
28. Qf6+ Qxf6 29. gxf6 Rf7 30. Bg7+ Rfxg7 31. fxg7+ Kxg7 32. Rf3 Rf8 33. Raf1
Be7 34. Rg3+ Kh8 35. Rxf8+ Bxf8 36. Rf3 Kg7 37. g4 Be7 38. Kg2 Bf6 39. Rxf6
Kxf6 40. Kf3 Ke5 41. a4 h6 42. b5 axb5 43. axb5 Kf6 44. c6 bxc6 45. b6 Ke5 46.
b7 Kd6 47. b8=Q+ Kc5 48. Qb4# 1-0

[Event "Sparkassen-Open B"]
[Site "Heusenstamm, Martinsee"]
[Date "2022.11.19"]
[Round "5.57"]
[White "Zhang, Taihao"]
[Black "Schmitz, Bernhard Hubert"]
[Result "0-1"]
[WhiteElo "1152"]
[BlackElo "1375"]
[PlyCount "74"]
[EventDate "2022.??.??"]
[WhiteTeam "vereinslos"]
[BlackTeam "Vorw.Orient Mainz"]

1. d4 Nf6 2. c4 e6 3. Nf3 b6 4. Nc3 Bb7 5. Bg5 Be7 6. e3 d5 7. Bd3 O-O 8. O-O
Nbd7 9. cxd5 exd5 10. Re1 h6 11. Bxf6 Nxf6 12. e4 dxe4 13. Nxe4 Nd5 14. Ne5 Bb4
15. Re2 Nf4 16. Bc4 Nxe2+ 17. Qxe2 Qxd4 18. Nxf7 Rxf7 19. Bxf7+ Kxf7 20. Qf3+
Kg8 21. Nf6+ Qxf6 22. Qxb7 Rf8 23. f3 Bc5+ 24. Kh1 Re8 25. Rb1 Qe5 26. g3 Qd4
27. Kg2 Re2+ 28. Kh3 Qd7+ 29. g4 Bd6 30. Qd5+ Kh8 31. Qa8+ Kh7 32. f4 Re3+ 33.
Kh4 g5+ 34. fxg5 hxg5+ 35. Kxg5 Be7+ 36. Kf4 Qd4+ 37. Kf5 Qe5# 0-1

[Event "Sparkassen-Open B"]
[Site "Heusenstamm, Martinsee"]
[Date "2022.11.19"]
[Round "5.59"]
[White "Hofmann, André"]
[Black "Shanawaz Thabrez, Shahzaib"]
[Result "1/2-1/2"]
[WhiteElo "1254"]
[BlackElo "1159"]
[PlyCount "80"]
[EventDate "2022.??.??"]
[WhiteTeam "Düsseldorfer SV 1854"]
[BlackTeam "SK Langen"]

1. d4 Nf6 2. Bf4 d5 3. e3 Bf5 4. Bd3 Bg6 5. c3 e6 6. Nf3 Nbd7 7. O-O Be7 8. Ne5
Nxe5 9. Bxe5 O-O 10. f3 c5 11. Bxf6 gxf6 12. Be2 Kh8 13. Nd2 Rg8 14. a3 cxd4
15. cxd4 e5 16. Nb3 e4 17. f4 Bf5 18. Bh5 Qf8 19. Rc1 b6 20. g3 Bg6 21. Be2 Rc8
22. Bb5 Rxc1 23. Qxc1 Qc8 24. Qxc8 Rxc8 25. Rc1 Bf5 26. Ba6 Rxc1+ 27. Nxc1 Bd7
28. Bb7 Be6 29. b4 a5 30. Na2 Kg7 31. bxa5 bxa5 32. a4 Bb4 33. Kg2 Kg6 34. h3
h5 35. g4 hxg4 36. hxg4 Bxg4 37. Bxd5 f5 38. Kf2 Bd6 39. Nc3 Bb4 40. Na2 Bd6
1/2-1/2

[Event "Sparkassen-Open B"]
[Site "Heusenstamm, Martinsee"]
[Date "2022.11.19"]
[Round "5.60"]
[White "Barth, Horst"]
[Black "Hellmann, Alexander"]
[Result "1/2-1/2"]
[WhiteElo "1244"]
[BlackElo "1137"]
[PlyCount "42"]
[EventDate "2022.??.??"]
[WhiteTeam "Sfr.Mainz 1928"]
[BlackTeam "SJ Herborn 1998"]

1. d4 d5 2. c4 e6 3. Nc3 Nf6 4. Bg5 c6 5. e3 Bd6 6. Nf3 O-O 7. cxd5 cxd5 8. Bd3
Nbd7 9. O-O Qc7 10. Qc2 b6 11. g3 Bb7 12. a3 g6 13. Rac1 Ne4 14. Nxe4 Qxc2 15.
Nf6+ Nxf6 16. Rxc2 Ne4 17. Bh6 Rfc8 18. Rfc1 Rxc2 19. Rxc2 Rc8 20. Rxc8+ Bxc8
21. b4 a6 1/2-1/2

[Event "Sparkassen-Open B"]
[Site "Heusenstamm, Martinsee"]
[Date "2022.11.19"]
[Round "5.61"]
[White "Klein, Simon"]
[Black "Meuer, Stephan"]
[Result "0-1"]
[WhiteElo "1378"]
[BlackElo "1188"]
[PlyCount "94"]
[EventDate "2022.??.??"]
[WhiteTeam "SK Hungen"]
[BlackTeam "SV Lahnstein"]

1. d4 d5 2. Bf4 Nc6 3. e3 Bf5 4. c4 e6 5. Nc3 Nf6 6. Nf3 Bb4 7. a3 Be7 8. c5 a6
9. Be2 Nh5 10. Bg3 Nxg3 11. hxg3 h6 12. Nh4 Bh7 13. Bd3 Bxd3 14. Qxd3 Bf6 15.
f4 Qe7 16. Nf3 O-O-O 17. b4 g5 18. Rh5 Rdg8 19. Kf2 Qd8 20. b5 axb5 21. Qxb5 g4
22. Nd2 Kd7 23. Qxb7 Qa8 24. Qxa8 Rxa8 25. a4 Nxd4 26. e4 dxe4 27. Ndxe4 Bg7
28. a5 Nc6 29. Rd1+ Ke7 30. Rc1 Rxa5 31. Nd1 Rha8 32. f5 Ne5 33. Kf1 Ra1 34.
Rxa1 Rxa1 35. Ke2 Ra2+ 36. Kf1 Ra4 37. Ndc3 Ra1+ 38. Ke2 Nc4 39. f6+ Bxf6 40.
Nxf6 Kxf6 41. Rxh6+ Ke7 42. Kd3 Ne5+ 43. Kd4 Nc6+ 44. Ke4 Rg1 45. Kf4 Rxg2 46.
Kxg4 Rc2 47. Na4 Rc4+ 0-1

[Event "Sparkassen-Open B"]
[Site "Heusenstamm, Martinsee"]
[Date "2022.11.19"]
[Round "5.66"]
[White "Trenz, Kerstin"]
[Black "Hafner, Hans-Peter"]
[Result "0-1"]
[WhiteElo "902"]
[BlackElo "1131"]
[PlyCount "118"]
[EventDate "2022.??.??"]
[WhiteTeam "SK Gau-Algesheim"]
[BlackTeam "Sfr.Mainz 1928"]

1. e4 e5 2. Nf3 Nc6 3. Bc4 Bc5 4. c3 Nf6 5. d4 exd4 6. cxd4 Bb6 7. Nc3 d6 8. h3
O-O 9. O-O Re8 10. Re1 a6 11. d5 Ne7 12. Bg5 Ng6 13. b4 h6 14. Bc1 Ne5 15. Bb3
c6 16. Ba4 Qc7 17. Qd2 Nxf3+ 18. gxf3 Re5 19. f4 Rh5 20. Kf1 Bxh3+ 21. Ke2 Bg4+
22. Kd3 c5 23. a3 cxb4 24. axb4 Rc8 25. Bb2 Qc4+ 26. Kc2 Nxe4 27. Qd3 Qxd3+ 28.
Kxd3 Nxf2+ 29. Kd2 Rc4 30. Re8+ Kh7 31. Bc2+ Bf5 32. Bb3 Rd4+ 33. Ke2 Rxf4 34.
Bc1 Rxb4 35. Ra3 Rh2 36. Ke1 Nd3+ 37. Kd1 Rg4 38. Ne2 Nxc1 39. Kxc1 Bd3 40. Kd2
Bxe2 41. Rxe2 Rxe2+ 42. Kxe2 f5 43. Ra1 f4 44. Rf1 h5 45. Rh1 Kh6 46. Kf3 Kg5
47. Bd1 Rg3+ 48. Ke2 f3+ 49. Kf1 Kg4 50. Bc2 g5 51. Bg6 h4 52. Bf7 a5 53. Be6+
Kf4 54. Rh3 Rxh3 55. Bxh3 a4 56. Bd7 a3 57. Bb5 a2 58. Be2 a1=Q+ 59. Bd1 Qxd1#
0-1